00735pab a2200145 454500008004000000100003000040245004700070260000900117300001500126362001000141520035600151650002800507650002000535773003400555180718b2000 xxu||||| |||| 00| 0 eng d aDasgupta, Dipankar et al. aGrowth and interstate disparities in India c2000 ap.2413-422 a1 Jul aThis paper offers analytical description of the economic performance of Indian states as reflected in their per capita (net) state domestic product. Statistical analysis of data for the period 1960-61 to 1995-96 shows a clear tendency for Indian states to diverge in per capita SDP, but converge in shares of different sectors in the SDP. - Reproduced aEconomic growth - India aEconomic growth aEconomic and Political Weekly